Il Nuovo teatro regio di Torino / (Запис № 510507)
[ простий вигляд ]
| 000 -LEADER | |
|---|---|
| fixed length control field | 02017cam a2200445Ia 4500 |
| 001 - CONTROL NUMBER | |
| control field | ilnuovoteatroreg00bass |
| 003 - CONTROL NUMBER IDENTIFIER | |
| control field | CaSfIA |
| 005 - DATE AND TIME OF LATEST TRANSACTION | |
| control field | 20210118102305.0 |
| 007 - PHYSICAL DESCRIPTION FIXED FIELD--GENERAL INFORMATION | |
| fixed length control field | cr|||| |
| 008 - FIXED-LENGTH DATA ELEMENTS--GENERAL INFORMATION | |
| fixed length control field | 940801s1991 it af b 001 0 ita d |
| 040 ## - CATALOGING SOURCE | |
| Original cataloging agency | HMU |
| Transcribing agency | HMU |
| Modifying agency | UIU |
| -- | C3L |
| -- | HHG |
| -- | DEBBG |
| -- | CaSfIA |
| 035 ## - SYSTEM CONTROL NUMBER | |
| System control number | (OCoLC)31081033 |
| 043 ## - GEOGRAPHIC AREA CODE | |
| Geographic area code | e-it--- |
| 045 ## - TIME PERIOD OF CONTENT | |
| Time period code | x0x4 |
| -- | x4x- |
| 050 #4 - LIBRARY OF CONGRESS CALL NUMBER | |
| Classification number | PN2685.T862 |
| Item number | T476 1991x |
| 084 ## - OTHER CLASSIFICATION NUMBER | |
| Classification number | LQ 82007 |
| Source of number | rvk |
| 029 1# - (OCLC) | |
| OCLC library identifier | C3L |
| System control number | 93191766 |
| 029 1# - (OCLC) | |
| OCLC library identifier | HEBIS |
| System control number | 028835565 |
| 029 1# - (OCLC) | |
| OCLC library identifier | DEBBG |
| System control number | BV035837544 |
| 245 03 - TITLE STATEMENT | |
| Title | Il Nuovo teatro regio di Torino / |
| Medium | [electronic resource] |
| Statement of responsibility, etc | a cura di Alberto Basso ; [saggi e repertori di Ennio Bassi ... et al.]. |
| 260 ## - PUBLICATION, DISTRIBUTION, ETC. (IMPRINT) | |
| Place of publication, distribution, etc | Torino : |
| Name of publisher, distributor, etc | Cassa di risparmio di Torino, |
| Date of publication, distribution, etc | c1991. |
| 300 ## - PHYSICAL DESCRIPTION | |
| Extent | xiii, 541 p., lxxx leaves of plates : |
| Other physical details | ill. (some col.) ; |
| Dimensions | 24 cm. |
| 500 ## - GENERAL NOTE | |
| General note | "Cronologia delle opere": p. [297]-445. |
| 500 ## - GENERAL NOTE | |
| General note | "Cronologia dei balletti": p. [447]-521. |
| 504 ## - BIBLIOGRAPHY, ETC. NOTE | |
| Bibliography, etc | Includes bibliographical references and indexes. |
| 506 ## - RESTRICTIONS ON ACCESS NOTE | |
| Standardized terminology for access restriction | Необхідна авторизація на https://archive.org/ (створення облікового запису безкоштовно) |
| 506 ## - RESTRICTIONS ON ACCESS NOTE | |
| Standardized terminology for access restriction | Необхідна авторизація на https://openlibrary.org/ (створення облікового запису безкоштовно) |
| 610 20 - SUBJECT ADDED ENTRY--CORPORATE NAME | |
| Corporate name or jurisdiction name as entry element | Teatro regio (Turin, Italy) |
| 650 #0 - SUBJECT ADDED ENTRY--TOPICAL TERM | |
| Topical term or geographic name as entry element | Opera |
| Geographic subdivision | Italy |
| -- | Turin |
| Chronological subdivision | 20th century. |
| 650 #0 - SUBJECT ADDED ENTRY--TOPICAL TERM | |
| Topical term or geographic name as entry element | Ballet |
| Geographic subdivision | Italy |
| -- | Turin |
| Chronological subdivision | 20th century. |
| 655 #7 - INDEX TERM--GENRE/FORM | |
| Genre/form data or focus term | Aufsatzsammlung. |
| Source of term | swd |
| 610 17 - SUBJECT ADDED ENTRY--CORPORATE NAME | |
| Corporate name or jurisdiction name as entry element | Turin |
| General subdivision | Teatro Regio. |
| Source of heading or term | swd |
| 648 #7 - SUBJECT ADDED ENTRY--CHRONOLOGICAL TERM | |
| Chronological term | Geschichte 1936-1990. |
| Source of heading or term | swd |
| 700 1# - ADDED ENTRY--PERSONAL NAME | |
| Personal name | Basso, Alberto. |
| 700 1# - ADDED ENTRY--PERSONAL NAME | |
| Personal name | Bassi, Ennio. |
| 776 08 - ADDITIONAL PHYSICAL FORM ENTRY | |
| Display text | Online version: |
| Title | Nuovo teatro regio di Torino. |
| Place, publisher, and date of publication | Torino : Cassa di risparmio di Torino, c1991 |
| Record control number | (OCoLC)654436054 |
| 856 41 - ELECTRONIC LOCATION AND ACCESS | |
| Uniform Resource Identifier | <a href="http://www.archive.org/details/ilnuovoteatroreg00bass">http://www.archive.org/details/ilnuovoteatroreg00bass</a> |
| Public note | Free eBook from the Internet Archive |
| 856 42 - ELECTRONIC LOCATION AND ACCESS | |
| Uniform Resource Identifier | <a href="http://www.openlibrary.org/books/OL24389060M">http://www.openlibrary.org/books/OL24389060M</a> |
| Public note | Additional information and access via Open Library |
| 942 ## - ADDED ENTRY ELEMENTS (KOHA) | |
| Koha item type | ЕКнига |
Немає доступних примірників.